近鉄「しまかぜ」の停車駅 - Statistics

General Stats
  • This quiz has been taken 167 times
  • The average score is 12 of 14
Answer Stats
停車駅 % Correct
鳥羽
98%
賢島
97%
大阪難波
93%
伊勢市
93%
大阪上本町
92%
京都
92%
近鉄名古屋
91%
鶴橋
90%
大和八木
90%
近鉄四日市
89%
宇治山田
88%
大和西大寺
88%
鵜方
78%
近鉄丹波橋
69%
No matching quizzes found
Score Distribution
Percent of People with Each Score
Percentile by Number Answered
Your Score History
You have not taken this quiz